|
|
|
|
| LEADER |
01399nam a2200301 i 4500 |
| 001 |
c000257303 |
| 003 |
CARM |
| 005 |
00000000000000.0 |
| 008 |
850424s1976 nju 0 eng d |
| 019 |
1 |
|
|a 870282
|z 41554108
|z 58038444
|5 LACONCORD2021
|
| 020 |
|
|
|a 9022108295
|
| 035 |
|
|
|a (OCoLC)3015727
|5 LACONCORD2021
|
| 082 |
0 |
4 |
|a 274.1
|
| 245 |
0 |
4 |
|a The intentions of the army of the kingdome of Scotland declared to their brethren of England /
|c by the Commissioners of the late Parliament, and by the generall, noblemen, barons and other officers of the Army.
|
| 246 |
3 |
|
|a Intentions of the army of Scotland
|
| 260 |
|
|
|a Norwood, N.J. :
|b W. W. Johnson,
|c 1976.
|
| 300 |
|
|
|a 19 p.
|
| 490 |
1 |
|
|a The English experience ;
|v no. 829
|
| 500 |
|
|
|a Ascribed to Alexander Henderson.
|
| 500 |
|
|
|a Cover title: The intentions of the army of Scotland.
|
| 500 |
|
|
|a Photoreprint of 1640 ed., printed by Robert Bryston Edinburgh.
|
| 500 |
|
|
|a S.T.C. no. 21919.
|
| 650 |
|
0 |
|a Church and state
|z Great Britain.
|
| 700 |
1 |
|
|a Henderson, Alexander,
|d 1583?-1646.
|
| 830 |
|
0 |
|a English experience, its record in early printed books published in facsimile ;
|v no. 829.
|
| 852 |
8 |
|
|b CARM
|h A2:AP04A0
|i B06824
|p 0328800
|f BK
|
| 999 |
f |
f |
|i 9b1a1c6c-4401-5992-a201-ea134ee32279
|s 6704759d-2fe6-566f-82d1-32f44b723df5
|
| 952 |
f |
f |
|p Can circulate
|a CAVAL
|b CAVAL
|c CAVAL
|d CARM 1 Store
|e B06824
|f A2:AP04A0
|h Other scheme
|i book
|m 0328800
|